01823cam a22004934i 4500003000900000005001700009008004100026020001500067035002700082040003300109049000900142082001900151100002800170245006700198264007300265300003800338336002100376337002500397338002300422505005900445526001000504526001000514526000900524526000900533526000900542526000900551526000900560526000900569526000900578526000800587526000800595526000800603526000800611526000800619650003600627910001800663942001400681949019700695994001400892596000600906999022200912980005501134952014001189PE-LiUPU20250731165620.0150616s r 000 0 d a0802881297 a(Sirsi) i9780802881298 aPE-LiUPUbspacPE-LiUPUerda aPRUA04a281.4bS312211 aSchaff, Philip,eautor.10aNicene and Post-Nicene Fathers of The Christian Church.n14:2. 1aGrand Rapids, Michigan :bWM. B. Eerdmans Publishing Company,c1979. a671 páginas ;c25 centímetros atext2rdacontent aunmediated2rdamedia avolume2rdacarrier0 aThe seven ecumenical councils of the undivided church. aSEG44 aSEG26 aP151 aP150 aP149 aP146 aP145 aP126 aP125 aP92 aP75 aP74 aP27 aP1504aCONCILIOS Y SINODOS - HISTORIA. ajckbjvqcjck 2ddccBOOK aRC 281.4 S31 14:2wDEWEYc1i20478lCCODEBUL1mBULr0sYtBOOKu2015-6-16xTEOLOGIAzUNKNOWN0COMPRAo.CIRCNOTE. No olvidar cambiar la fecha de devolución!!!!!!!o.STAFF. Colección General aC0bPEPRU a1 aRC 281.4 S31 14:2wDEWEYc57172i20478f2021-11-8g6lCCODEBUL1mBULr1sYtBOOKu2015-6-16xTEOLOGIAzUNKNOWN0COMPRAo.CIRCNOTE. No olvidar cambiar la fecha de devolución!!!!!!!o.STAFF. Colección Generald57172 81gALBERTO SANCHEZ Responsable de Automatización r2025-12-02 00:00:00i7l0oRC 281.4 S31 14:2p20478te1w2015-06-16xFTyREF102ddc50718REFfP35aBULbBULcREFd2015-06-16eCOMPRA